00487 2200169 4500001002100000005001700021008004100038035002400079082000800103090001400111100001900125245007200144260003500216300002800251650002000279990001800299YOGYA-0512000000043820120514215649.0 ind  0010-051200000000438 a811 a811 Ave R aAVELING, Harry aRahasia membutuhkan katabpuisi Indonesia 1966-1998cHarry Aveling. aMagelangbIndonesiaterac2003. axxxii, 288 hlm.c21 cm. aPuisi Indonesia a547-BPAD/A.04